000 00523nam a22001811c 4500
001 a987655103
008 070221s2006 gw |||| 000u rus d
020 _a5288039615
_95-288-03961-5
041 _arus
245 0 0 _aOt vojny k miru: SSSR i Finljandija v 1939-1944 gg.
264 _aSankt-Peterburg :
_bS.-Peterb. Universitet,
_c2006
300 _a454 S.
700 1 _aBaryšnikov, Vladimir N.
_eHerausgeberIn
700 1 _aGordeckaja, T. N.
_eHerausgeberIn
942 _cMG
040 _cRU-10907106
003 RU-10907106
999 _c4894
_d4894